000 00488nam a2200181Ia 4500
005 20250326142715.0
008 250326s9999 xx 000 0 und d
037 _aTextbook
040 _aFMSL
_beng
_cFMSL
041 _aeng
_2eng
084 _aX:9 M1
_qFMSL
100 _aForslin J
_9746466
245 0 _aAutomation and industrial workers
_cForslin J And Others
260 _aNY
_bNY, Pergamon
_c1981
300 _a320p
942 _cTB
_hX:9 M1
999 _c1296282
_d1296282